000 01083nam a22002537a 4500
003 PE SENCICO BE
005 20251020182638.0
008 230621b |||||||| |||| 00| 0 eng d
040 _aPE SENCICO BE
_cPE SENCICO BE
041 _aspa
084 _aI
_aTOP
_a2017
_bG72
100 1 _91172
_aGoñas Mas, Rider Kleist
_eautor
245 1 _aCálculo de redes topográficas para la construcción de túneles de gran longitud para ferrocarriles /
_cRider Kleist Goñas Mas
260 _aLima :
_c2017
300 _a53 h. :
_bil. col., tabls. ;
_c29 cm.
502 _aMonografía de Titulación.-- Servicio Nacional de Capacitación para la Industria de la Construcción. Escuela Superior Técnica. Carrera Profesional Técnica en Topografía y Geodesía, 2017.
650 1 4 _94
_aTopografía
650 2 4 _91173
_aConstrucción de túneles
650 2 4 _9116
_aLevantamiento topográfico
650 2 4 _92
_aGeodesia
710 1 _aServicio Nacional de Capacitación para la Industria de la Construcción.
_bEscuela Superior Técnica
_91065
910 _bhfp
_chfp
942 _cMON
_2ddc
999 _c4207
_d4207